Social conditions in eighteenth century northern India / (Record no. 126800)

MARC details
000 -LEADER
fixed length control field 00718nam a22002297a 4500
005 - DATE AND TIME OF LATEST TRANSACTION
control field 20170124110015.0
010 ## - LIBRARY OF CONGRESS CONTROL NUMBER
LC control number 861939
020 ## - INTERNATIONAL STANDARD BOOK NUMBER
Terms of availability 00.00
035 ## - SYSTEM CONTROL NUMBER
System control number 861939
037 ## - SOURCE OF ACQUISITION
Source of stock number/acquisition Cen Lib/Ret
040 ## - CATALOGING SOURCE
Original cataloging agency DPL
Language of cataloging EN
082 ## - DEWEY DECIMAL CLASSIFICATION NUMBER
Classification number 301.0954
Item number SUR
100 ## - MAIN ENTRY--PERSONAL NAME
Personal name Suri, Pushpa
9 (RLIN) 11590
245 ## - TITLE STATEMENT
Title Social conditions in eighteenth century northern India /
Statement of responsibility, etc by Pushpa Suri
260 ## - PUBLICATION, DISTRIBUTION, ETC. (IMPRINT)
Place of publication, distribution, etc Delhi
Name of publisher, distributor, etc University of Delhi
Date of publication, distribution, etc 1977
270 ## - ADDRESS
City Delhi
Address 110007
300 ## - PHYSICAL DESCRIPTION
Extent x,252p.
Dimensions 21cm(Hb)
500 ## - GENERAL NOTE
General note Includes bibliographical references and index<br/>
650 ## - SUBJECT ADDED ENTRY--TOPICAL TERM
Topical term or geographic name as entry element Punjab (India) -- Social conditions
9 (RLIN) 18520
650 ## - SUBJECT ADDED ENTRY--TOPICAL TERM
Topical term or geographic name as entry element Rajasthan (India) -- Social conditions
9 (RLIN) 18521
942 ## - ADDED ENTRY ELEMENTS (KOHA)
Source of classification or shelving scheme Dewey Decimal Classification
Koha item type English Books
Classification part 301.0954
Call number suffix SUR
Holdings
Withdrawn status Lost status Damaged status Not for loan Home library Current library Date acquired Source of acquisition Cost, normal purchase price Total Checkouts Total Renewals Full call number Barcode Date last seen Date checked out Copy number Cost, replacement price Price effective from Koha item type Public note Source of classification or shelving scheme
Written off       Central Library Central Library 26/06/2015 Cen Lib/Ret 0.00 1 1 301.0954 SUR 861939 30/09/2019 25/08/2019 1 0.00 26/06/2015 English Books Written off on approval by DLB (By Circulation); dtd 15-06-2023  
        Central Library Central Library 05/11/2016   0.00     301.0954 SUR 916945 05/11/2016   2 0.00 05/11/2016 English Books   Dewey Decimal Classification

© Delhi Public Library
Hit Counter
free hit counter